000 nam a22 a 4500
999 _c1380
_d1380
003 AKMAL
005 20170509122314.0
008 170509s1984 my a00 may d
040 _aAKMAL
082 0 4 _a301 HAR
090 0 0 _a301
_bHAR
100 1 _aHarris, Marvin
_92717
245 1 0 _aKemunculan teori antropologi :
_bsejarah teori-teori kebudayaan /
_cMarvin Harris
260 _aKuala Lumpur :
_bDewan Bahasa dan Pustaka,
_c1984
300 0 0 _a2j. (ix, 577; ix, 596) ;
_c22cm
500 _aTerjemahan dari: 'The Rise of Anthropological Theory' oleh Norazil Selat (dan) Hashim Awang
504 _aBibliografi: ms.494-577; 513-596
650 1 0 _aEthnology
_xHistory
_92718
650 2 0 _aAnthropology
_92719
700 0 _aNorazit Selat,
_etr.
_92720
700 0 _aHashim Awang,
_cDato',
_d1937-
_92721
942 _2ddc
_cBOOK